000 00487nam a22001937a 4500
005 20260604112514.0
010 _aENG-147117 ENG-148733
020 _c175.00
035 _aEN-130649
035 _aEN-132265
037 _bDBAD
082 _a881
_21
100 _aHumayun Kabir
_985713
245 _aBapuji and other Poems/
_cHumayun Kabir
260 _aUtkal
_bJahangir Kabir
_c2023
270 _bUtkal
300 _a91p.
_c19cm(hb)
942 _2ddc
_cEN
_h881
_mHUM
999 _c213794
_d213794